Vliv vládních výdajů a daní na ekonomický růst (empirická analýza)
Analýza dopadu rôznych typov vládnych výdavkov a daní na ekonomický rast, pomocou modelu fixných efektov (statický panel).
Na minha lista:
| Autor principal: | |
|---|---|
| Formato: | Capítulo de Livro |
| Idioma: | tcheco |
| Assuntos: | |
| Tags: |
Sem tags, seja o primeiro a adicionar uma tag!
|
MARC
| LEADER | 00000naa a2200000 4500 | ||
|---|---|---|---|
| 001 | 0130411 | ||
| 005 | 20231207120042.9 | ||
| 041 | 0 | |a cze | |
| 044 | |a CZ | ||
| 245 | 1 | 0 | |a Vliv vládních výdajů a daní na ekonomický růst |b (empirická analýza) |c Vratislav Izák |
| 520 | |a Analýza dopadu rôznych typov vládnych výdavkov a daní na ekonomický rast, pomocou modelu fixných efektov (statický panel). | ||
| 610 | 2 | 0 | |a analýza ekonomická |
| 610 | 2 | 0 | |a rast hospodársky |
| 610 | 2 | 0 | |a financie verejné |
| 610 | 2 | 0 | |a výdavky rozpočtu štátneho |
| 610 | 2 | 0 | |a dane |
| 610 | 2 | 0 | |a eurozóna |
| 610 | 2 | 0 | |a kríza finančná |
| 100 | 1 | |a Izák, Vratislav | |